Statistics for The Roman Army

Click here to take the quiz!

General Stats

  • This quiz has been taken 105 times
  • The average score is 7 of 14

Answer Stats

HintAnswer% Correct
Which famous Britannic Queen led a revolt against the Romans circa AD 60?Boudicca
78%
Which famous Roman general is attributed to their victory in this battle?Scipio Africanus
75%
Against whom did Caesar fight a civil war?Gnaeus Pompeius Magnus
70%
Of which tribe was she Queen?Iceni
67%
In 107BC, the Roman Army was reformed by whom?Gaius Marius
66%
What famous battle saw the defeat of Carthage in the Second Punic War?The Battle of Zama
57%
And who was commanding the Germanic forces?Arminius
51%
In what year was Caesar's second invasion of Britannia?54BC
43%
Which famous battle of AD9 saw a Roman Army massacred by a much smaller Germanic force?The Battle of the Teutoburg Forest
42%
In what year was Caesar's first invasion of Britannia?55BC
37%
Prior to these reforms, the Legions were known as what type of Legions?Manipular
30%
And which famous battle is seen as decisive to Caesar's victory?The Battle of Pharsalus
30%
What was the fundamental unit of soldier in a Legion?Contubernium
22%
And who commanded said unit?Decanus
10%

Score Distribution

Percentile by Number Answered

Percent of People with Each Score

Your Score History

You have not taken this quiz